000 00858nam0a22002531 4500
001 rc\1097029
005 20250622144522.0
035 _a(NLR Aleph) 006343100
090 _a4721649
_c4721649
100 _a20041126d1983 |||y0rusy50 ca
101 0 _arus
102 _aRU
105 _ay |||||||||
200 1 _aО сведении задачи дифракции волн на неровной границе раздела к задаче объемного рассеяния
210 _aМ.
_cРИ
_d1983
215 _a15 с.
_d22
225 1 _aПрепринт
_fАН СССР, Радиотехн. ин-т
_v8315
320 _aБиблиогр.: с. 12
700 1 _aТеохаров
_bА.Н.
_gАлександр Нарцисович
801 0 _aRU
_bNLR
_gpsbo
801 1 _aRU
_bELAR
_2rusmarc
852 _aNLR
_j84-6/6707
942 _cBOOK
980 _aNB